| 000 | 00516nam a2200145Ia 4500 | ||
|---|---|---|---|
| 008 | 151015s9999 xx 000 0 und d | ||
| 020 | _a9.7818455039e+012 | ||
| 050 | _aBV 2073.C85 2005 | ||
| 245 | _aKelly, Douglas F | ||
| 250 | _a_Systematic Thelogy Grounded in the holy scripture and understood in the light of the church Douglas F. Kelly | ||
| 300 | _aGreat Britain Christian focus 2008 | ||
| 500 | _aIncludes bibliography and index | ||
| 650 | _a_Systemstic theology | ||
| 700 | _a^d20140129 12:49:18^omwanik | ||
| 999 |
_c152 _d152 |
||